000 00385nam a22001577a 4500
005 20161022160057.0
008 161022b xxu||||| |||| 00| 0 eng d
020 _a978-81-7119-822-1
041 _aeng
100 _aPACHURI,SUDHIS
_93655
245 _aMEDIA JANTANTRA AUR AATANKWAD
260 _bRADHA KRISHNAN
300 _a215
650 _aMASS COM @JOURNALISM
_93631
942 _cBK
999 _c5302
_d5300